Asoiaf Top 300 Most Mentioned Characters - Statistics

General Stats
  • This quiz has been taken 1,010 times
  • The average score is 120 of 300
Answer Stats
Mentions Character % Correct
3009 (POV) Jon Snow
99%
1767 (POV) Arya Stark
97%
1594 (POV) Daenerys Targaryen
97%
69 Brandon Stark
96%
1439 (POV) Bran Stark
96%
1180 (POV) Cersei Lannister
96%
1367 (POV) Eddard Stark
96%
1701 (POV) Jaime Lannister
96%
206 Jon Arryn
96%
1524 (POV) Sansa Stark
96%
2932 (POV) Tyrion Lannister
96%
1229 (POV) Catelyn Stark
95%
1162 Robb Stark
95%
905 Robert Baratheon
94%
114 Salladhor Saan
94%
191 Robert Arryn
93%
681 Tywin Lannister
93%
106 Greatjon Umber
92%
221 (POV) Jon Connington
92%
1042 Joffrey Baratheon
90%
183 Rickon Stark
90%
1125 Stannis Baratheon
90%
534 Renly Baratheon
88%
103 Aegon Targaryen I
87%
676 Petyr Baelish
86%
999 (POV) Theon Greyjoy
86%
193 Viserys Targaryen
86%
1140 (POV) Samwell Tarly
85%
411 Tommen Baratheon
85%
320 Loras Tyrell
84%
308 Margaery Tyrell
84%
186 Oberyn Martell
84%
216 Rhaegar Targaryen
84%
222 Aerys Targaryen II
83%
523 Jorah Mormont
83%
364 (POV) Asha Greyjoy
82%
349 Lysa Tully
82%
198 Myrcella Baratheon
82%
240 (POV) Kevan Lannister
81%
253 Euron Greyjoy
80%
43 Lyanna Stark
80%
434 Varys
79%
369 Gregor Clegane
78%
207 Mace Tyrell
78%
579 Sandor Clegane
78%
725 (POV) Brienne of Tarth
77%
128 Doran Martell
77%
493 Jeor Mormont
77%
160 Lancel Lannister
77%
199 Balon Greyjoy
76%
300 Edmure Tully
76%
291 Khal Drogo
76%
327 Ramsay Bolton
76%
353 Roose Bolton
76%
271 (POV) Victarion Greyjoy
76%
151 (POV) Arianne Martell
75%
215 Brynden Tully
75%
52 Shireen Baratheon
75%
66 Big Walder Frey
74%
91 Little Walder Frey
74%
226 Walder Frey
74%
116 Benjen Stark
73%
198 Hot Pie
73%
281 (POV) Melisandre
73%
45 Nymeria Sand
73%
55 Obara Sand
73%
70 Elia Martell
72%
79 Young Griff (Aegon VI)
72%
676 (POV) Davos Seaworth
71%
56 Sarella Sand
71%
48 Tyene Sand
71%
190 (POV) Aeron Greyjoy
70%
276 (POV) Quentyn Martell
70%
108 Hoster Tully
69%
111 Thoros of Myr
69%
560 (POV) Barristan Selmy
68%
34 Petyr Frey
67%
47 Fat Tom
66%
104 Tom of Sevenstreams
66%
44 Garlan Tyrell
65%
385 Mance Rayder
65%
44 Willas Tyrell
64%
64 Baelor Targaryen I
62%
310 Maester Aemon
60%
35 Aemon The Dragonknight
59%
290 Grand Maester Pycelle
59%
207 Jojen Reed
59%
81 Rickard Karstark
59%
216 Beric Dondarrion
58%
271 Gendry
58%
246 Meera Reed
58%
39 Daven Lannister
57%
182 Ygritte
57%
52 Olenna Redwyne
56%
47 Roslin Frey
56%
333 Bronn
55%
154 Eddison Tollett
55%
329 Hodor
55%
74 Merrett Frey
55%
33 Maege Mormont
54%
99 Missandei
54%
46 Arthur Dayne
53%
120 Cleos Frey
53%
61 Grey Worm
53%
45 Lothar Frey
53%
202 Tormund Giantsbane
53%
138 Randyll Tarly
52%
34 Alys Karstark
51%
52 Emmon Frey
51%
214 Podrick Payne
51%
108 Balon Swann
50%
37 Hosteen Frey
50%
73 Ryman Frey
49%
51 Edwyn Frey
48%
103 Osha
48%
168 Alliser Thorne
47%
171 Wyman Manderly
47%
264 Maester Luwin
46%
87 Selyse Florent
46%
114 Ben Plumm
45%
48 Gerold Dayne
45%
124 Jeyne Poole
45%
62 Jeyne Westerling
45%
204 Grenn
44%
227 Gilly
43%
166 Shae
43%
179 Daario Naharis
42%
142 Meryn Trant
42%
230 Rodrik Cassel
42%
33 Arnolf Karstark
41%
161 Ilyn Payne
41%
74 Jaqen H'ghar
41%
106 Jory Cassel
41%
112 Val
41%
204 Illyrio Mopatis
40%
220 Janos Slynt
39%
151 Pypar
39%
61 (POV) Will
39%
77 Mya Stone
38%
169 Craster
37%
103 Arys Oakheart
36%
50 Yohn Royce
36%
163 Qyburn
35%
40 Edric Storm
34%
74 High Sparrow
34%
52 Rodrik Harlaw
33%
47 Waymar Royce
33%
46 Wendel Manderly
33%
92 (POV) Areo Hotah
32%
59 Tytos Blackwood
32%
107 Xaro Xhoan Daxos
32%
96 Axell Florent
31%
188 Qhorin Halfhand
31%
93 Maester Cressen
30%
134 Old Nan
30%
41 Alester Florent
29%
53 Aurane Waters
29%
131 Irri
29%
82 Nestor Royce
29%
267 Hizdahr zo Loraq
28%
34 Myranda Royce
28%
33 Robar Royce
28%
138 Boros Blount
27%
58 Robett Glover
27%
41 Hallis Mollen
26%
89 Syrio Forel
26%
54 Galbart Glover
25%
58 Jonos Bracken
25%
74 Mirri Maz Duur
25%
71 (POV) Pate
25%
84 (POV) Varamyr Sixskins
25%
44 Cleon the Great
24%
64 Devan Seaworth
24%
46 Doreah
24%
54 Lollys Stokeworth
24%
150 Osmund Kettleblack
24%
111 Vargo Hoat
24%
140 Belwas
23%
43 Jason Mallister
23%
82 Lommy Greenhands
23%
76 Paxter Redwyne
23%
162 Bowen Marsh
22%
95 Dick Crabb
22%
127 Lem Lemoncloak
22%
89 Osney Kettleblack
22%
89 Septa Mordane
22%
170 Yoren
22%
77 Cotter Pyke
21%
54 Denys Mallister
21%
45 Mord
21%
36 Ronnet Connington
21%
100 (POV) Chett
20%
43 Osfryd Kettleblack
20%
43 Patchface
20%
116 Jhiqui
19%
36 Pyat Pree
19%
71 Rorge
19%
58 Tanda Stokeworth
19%
78 Amory Lorch
18%
55 Biter
18%
121 Dontos Hollard
18%
41 Falyse Stokeworth
18%
99 Rattleshirt
18%
38 Wex Pyke
18%
53 Polliver
17%
78 Satin
17%
85 Shagga son of Dolf
17%
71 Anguy
16%
48 Harry Strickland
16%
47 Lyn Corbray
16%
63 Mandon Moore
16%
133 Penny
16%
111 Taena Merryweather
16%
44 Dagmer Cleftjaw
15%
45 Dalla
15%
105 Donal Noye
15%
96 Gyles Rosby
15%
145 Skahaz mo Kandaq
15%
53 Tristifer Botley
15%
91 Addam Marbrand
14%
46 High Septon No.2
14%
85 Jhogo
14%
40 Moon Boy
14%
53 Rakharo
14%
40 Tysha
14%
74 Aggo
13%
50 Archibald Yronwood
13%
74 Harwin
13%
58 Orton Merryweather
13%
49 Tickler
13%
49 Barbrey Ryswell
12%
64 Harys Swyft
12%
59 Lothor Brune
12%
115 Gerris Drinkwater
11%
37 Lyle Crakehall
11%
38 Marq Piper
11%
42 Mikken
11%
62 Othell Yarwyck
11%
137 Haldon Halfmaester
10%
99 Hyle Hunt
10%
70 Jacelyn Bywater
10%
66 Justin Massey
10%
71 Marillion
10%
50 Mathis Rowan
10%
36 Qarl the Maid
10%
43 Timett son of Timett
10%
43 Moqorro
9%
107 Reznak mo Reznak
9%
47 Septa Lemore
9%
50 Vardis Egen
9%
67 Weese
9%
84 Dareon
8%
53 Kraznys mo Nakloz
8%
68 Maester Pylos
8%
34 Pia
8%
86 Rolly Duckfield
8%
58 Small Paul
8%
42 Styr
8%
54 Thoren Smallwood
8%
51 Cortnay Penrose
7%
36 Gared
7%
37 Harren Hoare
7%
37 Mycah
7%
67 Septon Meribald
7%
49 Tattered Prince
7%
48 Three-Finger Hobb
7%
69 Yezzan zo Qaggaz
7%
71 Clydas
6%
61 Galazza Galare
6%
52 Jarl
6%
44 Shagwell
6%
45 Toad
6%
35 Florian the Fool
5%
40 Harma Dogshead
5%
38 Jaremy Rykker
5%
40 Qotho
5%
43 Rafford
5%
37 Desmond Grell
4%
38 Groleo
4%
43 Halder
4%
34 Josmyn Peckledon
4%
33 Leathers
4%
40 Maester Colemon
4%
37 Nurse
4%
35 Nute the Barber
4%
37 Owen the Oaf
4%
42 Pretty Meris
4%
55 Steelshanks Walton
4%
43 Stonesnake
4%
37 Clayton Suggs
3%
41 Garin
3%
45 Godry Farring
3%
38 Horse
3%
46 Iron Emmett
3%
35 Brusco
2%
54 Dywen
2%
34 Holly
2%
38 Mully
2%
40 Yandry
2%
41 Creighton Longbough
1%
No matching quizzes found
Score Distribution
Percent of People with Each Score
Percentile by Number Answered
Your Score History
You have not taken this quiz